Taylor Swift - Toutes les chansons avec des animaux - Statistiques

Statistiques générales
  • Ce quiz a été pris 59 fois
    27 depuis la dernière actualisation
  • Le résultat moyen est 12 sur 43
Statistiques - réponses
Hint Réponse % Correct
Fearless White Horse (Cheval)
77%
The Tortured Poets Department The Black Dog (Chien)
62%
Reputation Gorgeous (Chat)
54%
The Life of a Showgirl The Life of a Showgirl (Chaton)
46%
The Life of a Showgirl Wi$h Li$t (Chien)
46%
The Life of a Showgirl Wood (Chat)
46%
The Life of a Showgirl Eldest Daughter (Loup et Mouton)
38%
Midnights Karma (Araignée et Chat)
38%
Reputation King Of My Heart (Jaguar)
38%
folklore mirrorball (Cheval)
38%
The Tortured Poets Department The Albatross (Albatros et Chacal)
38%
Lover The Archer (Cheval)
38%
folklore the last great american dynasty (Chien)
38%
Lover You Need To Calm Down (Serpent)
38%
1989 Clean (Papillon)
31%
evermore dorothea (Alouette)
31%
evermore gold rush (Aigle)
31%
Speak Now Long Live (Dragons)
31%
Lover Paper Rings (Chat et Souris)
31%
Midnights Sweet Nothing (Luciole)
31%
The Tortured Poets Department The Bolter (Ours)
31%
1989 Wonderland (Chat et Lapin)
31%
Speak Now Better Than Revenge (Papillon de Nuit)
23%
The Tortured Poets Department But Daddy I Love Him (Cheval, Chien et Serpent)
23%
Lover Daylight (Loup)
23%
evermore evermore (Chien)
23%
Fearless Fearless (Cheval)
23%
The Tortured Poets Department Guilty as Sin? (Loup)
23%
Speak Now Innocent (Luciole)
23%
The Tortured Poets Department loml (Lion)
23%
folklore mad woman (Ours et Scorpion)
23%
The Tortured Poets Department Robin (Dinosaur, Libellule et Tigre)
23%
1989 "Slut!" (Flamant-rose)
23%
Midnights Vigilante Shit (Chat)
23%
Midnights Bigger Than The Whole Sky (Oiseaux)
15%
The Tortured Poets Department Cassandra (Serpent)
15%
Lover Cornelia Street (Requin)
15%
evermore long story short (Lapin)
15%
Red Everything Has Changed feat. Ed Sheeran (Papillon)
8%
1989 I Know Places (Renard et Vautour)
8%
Midnights You're Losing Me (Phoenix)
8%
The Tortured Poets Department Chloe or Sam or Sophia or Marcus (Cheval)
0%
Taylor Swift I'm Only Me When I'm With You (Criquet/Grillons)
0%
Aucun quiz correspondant
Distribution des résultats
% des personnes avec chaque résultat
Percentile par nombre de réponses
Votre historique - résultats
Vous n’avez pas pris ce quiz depuis la dernière actualisation